Statistics for Geographical and historical facts about Denmark

Click here to take the quiz!

General Stats

  • This quiz has been taken 16 times
  • The average score is 5 of 10

Answer Stats

HintAnswer% Correct
what country have Denmark battled the most?Sweden
100%
what country is Denmark's most important trading partner?Germany
88%
what is the fourth largest city in Denmark?Aalborg
75%
What island is the longest away from mainland Denmark? (not counting Greenland or the faroe islands since they technically only are apart of the Danish kingdom)Bornholm
63%
what country did Denmark have control of for 418 years?Norway
63%
what is the north most city in DenmarkSkagen
50%
how many islands does Denmark have? (round up or down to the closest hundred)400
38%
What is the biggest region in Denmark?Mid Jutland
38%
what is the most unknown big island in Denmark?North Jutlandic Island
13%
What is the oldest city in DenmarkRibe
13%

Score Distribution

Percentile by Number Answered

Percent of People with Each Score

Your Score History

You have not taken this quiz